PR09-東京メトロの駅 - Statistics

General Stats
  • This quiz has been taken 2,425 times
  • The average score is 129 of 187
Answer Stats
本線 % Correct
渋谷
94%
銀座
91%
新宿
91%
池袋
91%
上野
90%
大手町
90%
日比谷
87%
北千住
87%
東京
87%
中野
87%
浅草
86%
新宿三丁目
86%
有楽町
85%
目黒
84%
中目黒
83%
荻窪
82%
西船橋
82%
代々木上原
82%
明治神宮前
82%
綾瀬
82%
表参道
81%
和光市
81%
綾瀬
81%
押上
81%
国会議事堂前
80%
高田馬場
80%
飯田橋
80%
新木場
80%
北綾瀬
80%
南千住
79%
半蔵門
79%
恵比寿
78%
秋葉原
78%
日本橋
78%
六本木
77%
方南町
77%
日本橋
77%
青山一丁目
76%
中野坂上
76%
豊洲
76%
新橋
75%
四ツ谷
75%
赤坂見附
74%
九段下
74%
白金高輪
74%
地下鉄成増
74%
神田
73%
後楽園
73%
葛西
73%
西日暮里
73%
霞ケ関
72%
御茶ノ水
72%
早稲田
72%
永田町
72%
赤羽岩淵
72%
小竹向原
72%
代々木公園
72%
虎ノ門ヒルズ
71%
虎ノ門
71%
西葛西
71%
浦安
70%
地下鉄赤塚
70%
新御茶ノ水
70%
錦糸町
69%
三越前
68%
西新宿
68%
東陽町
68%
市ケ谷
68%
赤坂
68%
白金台
67%
駒込
67%
落合
66%
茗荷谷
65%
東池袋
65%
東新宿
65%
広尾
64%
溜池山王
64%
乃木坂
64%
二重橋前
64%
根津
64%
神保町
64%
茅場町
63%
上野広小路
63%
竹橋
63%
要町
63%
湯島
63%
清澄白河
63%
外苑前
62%
妙典
62%
東大前
62%
王子
62%
東銀座
61%
築地
61%
千川
61%
桜田門
61%
水天宮前
61%
西早稲田
61%
中野富士見町
60%
南砂町
60%
銀座一丁目
60%
神楽坂
59%
木場
59%
原木中山
59%
北参道
59%
田原町
58%
門前仲町
58%
行徳
58%
千駄木
58%
新高円寺
57%
町屋
57%
南阿佐ケ谷
56%
新宿御苑前
56%
本郷三丁目
56%
月島
56%
人形町
55%
仲御徒町
55%
南行徳
55%
六本木一丁目
55%
住吉
55%
雑司が谷
55%
稲荷町
54%
四谷三丁目
54%
新大塚
54%
麻布十番
54%
氷川台
54%
護国寺
54%
辰巳
54%
三ノ輪
53%
淡路町
53%
王子神谷
53%
平和台
53%
入谷
52%
京橋
51%
神谷町
50%
新中野
50%
麴町
49%
八丁堀
48%
末広町
48%
中野新橋
47%
新富町
47%
江戸川橋
46%
本駒込
45%
小伝馬町
44%
東高円寺
43%
志茂
43%
西ケ原
42%
No matching quizzes found
Score Distribution
Percent of People with Each Score
Percentile by Number Answered
Your Score History
You have not taken this quiz